[Event "Hector Lavoe Tournament"]
[Site "SchemingMind.com"]
[Date "2009.01.09"]
[Round "-"]
[White "aadaam"]
[Black "XTC"]
[Result "1-0"]
[WhiteCountry "INT"]
[BlackCountry "COL"]
[WhiteElo "1710"]
[WhiteRD "50"]
[BlackElo "1632"]
[BlackRD "69"]
[GameID "186851"]

1. e4 e5 2. Nf3 Nc6 3. Nc3 Nf6 4. Bb5 Bb4 5. d3 d6 6. O-O O-O 7. a3 Bxc3 8. bxc3 Bd7 9. Rb1 a6 10. Bc4 b5
11. Ba2 Ne7 12. Re1 Re8 13. Ng5 d5 14. f4 Bg4 15. Qd2 exf4 16. Qxf4 Be6 17. Nxe6 fxe6 18. Bb2 Rf8 19. Qg5 h6 20. Qg3 c6
21. Qe5 Qd7 22. exd5 cxd5 23. Qxe6+ Rf7 24. c4 Qxe6 25. Rxe6 dxc4 26. dxc4 bxc4 27. Bxc4 Kf8 28. Rxa6 Rxa6 29. Bxa6 Nd7 30. Rf1 Rxf1+
31. Kxf1 Nc5 32. Bb5 Nd5 33. Bd4 Ne6 34. Bf2 Nc3 35. Bc4 Nc7 36. Bc5+ Ke8 37. Bd4 Nb1 38. Bxg7 Nxa3 39. Bd3 h5 40. Kf2 Kf7
41. Bb2 Nab5 42. Bxb5 Nxb5 43. Kf3 Kg6 44. c4 Nc7 45. g4 hxg4+ 46. Kxg4 Ne6 47. h4 Nc5 48. h5+ Kh7 49. Ba3 Nb7 50. c5 Na5
51. Kg5 Nc6 52. h6 Na5 53. Bb2 Nc6 54. Bg7 Ne7 55. Bf8 Nc6 56. Kf6 Nd4 57. Ke5 Nb5 58. c6 Nc7 59. Kd6 Nb5+ 60. Kd7 Kg8
61. Bg7 Kh7 62. c7 Nxc7 63. Kxc7 Kg8 64. Kd7 Kf7 65. Bc3 Kg6 66. Bd2 Kh7 67. Ke7 Kg6 68. Kf8
1-0

[Event "Hector Lavoe Tournament"]
[Site "SchemingMind.com"]
[Date "2009.01.08"]
[Round "-"]
[White "XTC"]
[Black "aadaam"]
[Result "0-1"]
[WhiteCountry "COL"]
[BlackCountry "INT"]
[WhiteElo "1687"]
[WhiteRD "73"]
[BlackElo "1753"]
[BlackRD "46"]
[GameID "186852"]

1. e4 e6 2. d4 d5 3. Nc3 Bb4 4. e5 c5 5. Qg4 Ne7 6. dxc5 Bxc3+ 7. bxc3 Qa5 8. Qb4 Qc7 9. Nf3 Nbc6 10. Qb5 O-O
11. Bg5 Nxe5 12. Bxe7 Nxf3+ 13. gxf3 Qxe7 14. Bg2 Bd7 15. Qb4 Bc6 16. O-O a5 17. Qd4 Bb5 18. Rfe1 Rfc8 19. a4 Bc4 20. Bf1 Bxf1
21. Rxf1 Rxc5 22. Rfb1 Rac8 23. Rb3 Qg5+ 24. Kh1 Qf5 25. Rg1 Qxf3+ 26. Rg2 f6 27. Rxb7 R8c7 28. Rxc7 Rxc7
0-1

[Event "Hector Lavoe Tournament"]
[Site "SchemingMind.com"]
[Date "2009.01.23"]
[Round "-"]
[White "agarr"]
[Black "XTC"]
[Result "1/2-1/2"]
[WhiteCountry "RUS"]
[BlackCountry "COL"]
[WhiteElo "1650"]
[WhiteRD "80"]
[BlackElo "1686"]
[BlackRD "73"]
[GameID "188717"]

1. e4 e5 2. Nf3 Nc6 3. Bc4 Nf6 4. Nc3 Nxe4 5. Bxf7+ Kxf7 6. Nxe4 d5 7. Nfg5+ Kg8 8. Qf3 Qd7 9. Nc3 Nd4 10. Qd1 Qg4
11. Qxg4 Bxg4 12. O-O c6 13. Nd1 Nxc2 14. Rb1 Be7 15. Nf3 Bxf3 16. gxf3 h6 17. Ne3 Nd4 18. f4 exf4 19. Ng4 Bd6 20. f3 h5
21. Nf2 Nxf3+ 22. Kh1 g5 23. Nd3 g4 24. Ne1 Nxe1 25. Rxe1 Kf7 26. d4 h4 27. Rf1 Rag8 28. Bxf4 Bxf4 29. Rxf4+ Ke8 30. Re1+ Kd7
31. Rf7+ Kd6 32. Ree7 Rb8 33. Rd7+=
1/2-1/2

[Event "Hector Lavoe Tournament"]
[Site "SchemingMind.com"]
[Date "2009.01.22"]
[Round "-"]
[White "agarr"]
[Black "aadaam"]
[Result "1/2-1/2"]
[WhiteCountry "RUS"]
[BlackCountry "INT"]
[WhiteElo "1656"]
[WhiteRD "86"]
[BlackElo "1753"]
[BlackRD "46"]
[GameID "188718"]

1. e4 e6 2. d4 d5 3. exd5 Qxd5 4. Nc3 Qd8 5. Nf3 Nf6 6. Bg5 Be7 7. Qd2 b6 8. Bd3 Bb7 9. O-O-O Nbd7 10. Bxf6 Nxf6
11. Rhg1 O-O 12. Qf4 Qd6 13. Ne5 a6 14. Qh4 Ne4 15. Qh3 Bg5+ 16. Kb1 Nxc3+ 17. bxc3 g6 18. Qg4 Bf6 19. f4 Rad8 20. h4 Qa3
21. h5 Qxc3 22. hxg6 fxg6 23. Bxg6 Bxe5 24. fxe5 Qb4+ 25. Kc1 Qa3+ 26. Kb1=
1/2-1/2

[Event "Hector Lavoe Tournament"]
[Site "SchemingMind.com"]
[Date "2009.01.22"]
[Round "-"]
[White "aadaam"]
[Black "agarr"]
[Result "0-1"]
[WhiteCountry "INT"]
[BlackCountry "RUS"]
[WhiteElo "1753"]
[WhiteRD "46"]
[BlackElo "1656"]
[BlackRD "86"]
[GameID "188720"]

1. e4 e5 2. Nf3 Nc6 3. Bb5 Bc5 4. O-O d6 5. c3 Bd7 6. d4 Bb6 7. d5 Nce7 8. Bxd7+ Qxd7 9. Nbd2 f5 10. Ng5 fxe4
11. Ne6 Nxd5
0-1

[Event "Hector Lavoe Tournament"]
[Site "SchemingMind.com"]
[Date "2009.01.26"]
[Round "-"]
[White "Joe Daudish"]
[Black "agarr"]
[Result "1/2-1/2"]
[WhiteCountry "USA"]
[BlackCountry "RUS"]
[WhiteElo "1698"]
[WhiteRD "45"]
[BlackElo "1650"]
[BlackRD "80"]
[GameID "189157"]

1. d4 d5 2. Nf3 Bf5 3. Bf4 e6 4. e3 Bd6 5. Bxd6 cxd6 6. Bd3 Be4 7. Nc3 Nf6 8. O-O h6 9. Bxe4 Nxe4 10. Nxe4 dxe4
11. Nd2 d5 12. c4 O-O 13. cxd5 exd5 14. Qb3 b6 15. Rac1 Qd6 16. Rc3 Na6 17. a3 Rac8 18. Rfc1 Rxc3 19. Rxc3 Nb8 20. g3 Nd7
21. Qc2 Nf6 22. Rc6 Qd7 23. Kg2 Qg4 24. h3 Qg5 25. Qa4 h5 26. Qd1 h4 27. g4 Ne8 28. Qb3 Nf6 29. f4 Qh6 30. g5 Qh5
31. Rc2 Qe2+ 32. Kg1 Qe1+ 33. Nf1 Nh5 34. Qc3 Qxc3 35. Rxc3 f6 36. gxf6 Rxf6 37. Nh2 Rg6+ 38. Ng4 Ng3 39. Kf2 a5 40. Rc7 Nf5
41. b3 Nh6 42. Nxh6+ Rxh6 43. Kg2 Rg6+ 44. Kh2 Rg3 45. Rc3 Kf7 46. a4 Ke7 47. Rc6 Rxe3 48. Rxb6 Rd3 49. Ra6 Rxb3 50. Rxa5 Kd6
51. Ra6+ Kc7 52. Rg6 e3 53. Rxg7+ Kd6 54. Kg2 Rb4 55. Rg6+ Kd7 56. a5 Rxd4 57. Kf3 e2 58. Kxe2 Rxf4=
1/2-1/2

[Event "Hector Lavoe Tournament"]
[Site "SchemingMind.com"]
[Date "2009.01.26"]
[Round "-"]
[White "Joe Daudish"]
[Black "XTC"]
[Result "0-1"]
[WhiteCountry "USA"]
[BlackCountry "COL"]
[WhiteElo "1720"]
[WhiteRD "45"]
[BlackElo "1687"]
[BlackRD "73"]
[GameID "189158"]

1. d4 d5 2. Nf3 Nf6 3. Bf4 e6 4. h3 Nc6 5. e3 Bd6 6. Bxd6 Qxd6 7. c3 O-O 8. Be2 b6 9. O-O Bb7 10. Nbd2 Ne7
11. Re1 c5 12. Qc2 h6 13. Ne5 cxd4 14. exd4 Nc6 15. Ndf3 a6 16. Bd3 b5 17. a3 Rac8 18. Qd2 Na5 19. Bc2 Nc4 20. Nxc4 bxc4
21. b4 cxb3 22. Bxb3 Ne4 23. Qb2 Nxc3 24. Ne5 Ne4 25. Rac1 Rxc1 26. Rxc1 Rc8 27. Ba4 Rxc1+ 28. Qxc1 Qe7 29. Bc6 Nd6 30. Qc5 Bxc6
31. Qxc6 Nb5 32. Qxa6 Nxa3 33. Qd3 Qb4 34. f4 Nc4 35. Kf2 Nxe5 36. fxe5 Qb2+ 37. Kf3 Qc1 38. g3 Qh1+ 39. Kg4 g6 40. h4 Kg7
41. Qf3 h5+ 42. Kg5 Qxf3
0-1

[Event "Hector Lavoe Tournament"]
[Site "SchemingMind.com"]
[Date "2009.01.27"]
[Round "-"]
[White "Joe Daudish"]
[Black "aadaam"]
[Result "1/2-1/2"]
[WhiteCountry "USA"]
[BlackCountry "INT"]
[WhiteElo "1720"]
[WhiteRD "45"]
[BlackElo "1753"]
[BlackRD "46"]
[GameID "189159"]

1. d4 e6 2. Nf3 d5 3. Bf4 Nf6 4. h3 Bb4+ 5. c3 Be7 6. e3 O-O 7. Bd3 c5 8. Nbd2 cxd4 9. exd4 b6 10. O-O Ba6
11. Bxa6 Nxa6 12. Ne5 Bd6 13. Ndf3 Ne4 14. Bh2 f6 15. Ng4 Nc7 16. Bxd6 Qxd6 17. Qd3 Rae8 18. Nd2 Nxd2 19. Qxd2 h5 20. Ne3 g5
21. f3 Re7 22. Rae1 Qf4 23. Qd3 Rh7 24. Kf2 f5 25. g3 Qd6 26. Ng2 Re7 27. Re5 Ne8 28. Rfe1 Nf6 29. a3 Rff7 30. Qe3 Rg7
31. Qd2 Nd7 32. R5e2 Kh7 33. Qc2 Kh6 34. Qd2 Kh7 35. Qc2 Kg8 36. f4 g4 37. h4=
1/2-1/2

[Event "Hector Lavoe Tournament"]
[Site "SchemingMind.com"]
[Date "2009.01.27"]
[Round "-"]
[White "agarr"]
[Black "Joe Daudish"]
[Result "1-0"]
[WhiteCountry "RUS"]
[BlackCountry "USA"]
[WhiteElo "1650"]
[WhiteRD "80"]
[BlackElo "1698"]
[BlackRD "45"]
[GameID "189160"]

1. e4 e6 2. d4 d5 3. exd5 Qxd5 4. c4 Qd8 5. Nc3 Nf6 6. Nf3 Be7 7. b3 b6 8. Bd3 Bb7 9. Bb2 Nbd7 10. Qc2 h6
11. O-O-O a5 12. Ne5 O-O 13. Rhg1 Re8 14. g4 Nxe5 15. dxe5 Nd7 16. f4 Qc8 17. g5 h5 18. Ne4 Bxe4 19. Bxe4 Rb8 20. g6 f6
21. f5 Nxe5 22. Bxe5 fxe5 23. fxe6 Bf6 24. Qe2 c6 25. Bf5 Rd8 26. Rd7 b5 27. Qxh5 Rxd7 28. exd7 Qd8 29. c5 Kf8 30. Qf3 Qc7
31. Rd1 Ke7 32. Be4 b4 33. Bxc6 Rh8 34. Qd5 Kd8 35. Bb5 Bg5+ 36. Kb1 Qb8 37. c6 Qc7 38. Qd6 Qxd6 39. Rxd6 Rxh2 40. Re6 Bf6
41. Re8+ Kc7 42. Rc8+ Kb6 43. c7 e4 44. d8=Q Rh1+ 45. Kc2 Rh2+ 46. Kd1 Rh1+ 47. Ke2 Rh2+ 48. Kf1 Bh4 49. Qd6+ Kxb5 50. Rb8#
1-0

[Event "Hector Lavoe Tournament"]
[Site "SchemingMind.com"]
[Date "2009.01.26"]
[Round "-"]
[White "XTC"]
[Black "Joe Daudish"]
[Result "0-1"]
[WhiteCountry "COL"]
[BlackCountry "USA"]
[WhiteElo "1633"]
[WhiteRD "75"]
[BlackElo "1721"]
[BlackRD "47"]
[GameID "189161"]

1. e4 e6 2. d4 d5 3. Nc3 Ne7 4. Bd3 dxe4 5. Bxe4 Ng6 6. Bxg6 hxg6 7. Nf3 Be7 8. O-O Nd7 9. Qe2 Nf6 10. Ne4 Bd7
11. c4 Nxe4 12. Qxe4 Bc6 13. Qe3 Qd6 14. Ne5 O-O-O 15. Nxc6 Qxc6 16. b3 Qd6 17. Bb2 Qxh2#
0-1

[Event "Hector Lavoe Tournament"]
[Site "SchemingMind.com"]
[Date "2009.01.28"]
[Round "-"]
[White "aadaam"]
[Black "Joe Daudish"]
[Result "0-1"]
[WhiteCountry "INT"]
[BlackCountry "USA"]
[WhiteElo "1753"]
[WhiteRD "46"]
[BlackElo "1720"]
[BlackRD "45"]
[GameID "189162"]

1. d4 d5 2. c4 e6 3. Nf3 Ne7 4. e3 Ng6 5. Nc3 Be7 6. Bd3 dxc4 7. Bxc4 b6 8. O-O O-O 9. Bd2 Bb7 10. Rc1 Nd7
11. e4 a6 12. Re1 b5 13. Bb3 Nb6 14. Qe2 Bd6 15. Ng5 h6 16. Nf3 c6 17. e5 Bb4 18. a3 Bxc3 19. bxc3 a5 20. Bc2 Nc4
21. Ra1 Nxd2 22. Nxd2 Qg5 23. Ne4 Qd8 24. Nd6 Qb6 25. Bxg6 fxg6 26. Qg4 c5 27. Qxe6+ Kh7 28. Rab1 b4 29. axb4 cxb4 30. cxb4 axb4
31. Nxb7 Qxe6
0-1

[Event "Hector Lavoe Tournament"]
[Site "SchemingMind.com"]
[Date "2009.02.03"]
[Round "-"]
[White "d2d41"]
[Black "agarr"]
[Result "0-1"]
[WhiteCountry "HUN"]
[BlackCountry "RUS"]
[WhiteElo "1644"]
[WhiteRD "101"]
[BlackElo "1729"]
[BlackRD "78"]
[GameID "189748"]

1. d4 d5 2. Bf4 Bf5 3. Nf3 e6 4. e3 Bd6 5. Bxd6 cxd6 6. Bd3 Bxd3 7. Qxd3 Nf6 8. Nc3 O-O 9. O-O a6 10. a4 Nc6
11. Ne2 e5 12. dxe5 dxe5 13. Qb3 Qc7 14. Nc3 Rad8 15. Rad1 Na5 16. Qa2 e4 17. Nd4 Ng4 18. g3 Nc4 19. Nde2 Nce5 20. Nxd5 Nf3+
21. Kg2 Qe5 22. h3 Ngh2 23. Rh1 Rd6 24. Rxh2 Nxh2 25. Kxh2 Rfd8 26. c4 b5 27. axb5 axb5 28. b3 bxc4 29. bxc4 h6 30. Nec3 Kh7
31. Nb5 R6d7 32. Nd4 Rd6 33. Qa4 h5
0-1

[Event "Hector Lavoe Tournament"]
[Site "SchemingMind.com"]
[Date "2009.02.03"]
[Round "-"]
[White "d2d41"]
[Black "XTC"]
[Result "1-0"]
[WhiteCountry "HUN"]
[BlackCountry "COL"]
[WhiteElo "1644"]
[WhiteRD "101"]
[BlackElo "1558"]
[BlackRD "69"]
[GameID "189749"]

1. d4 Nf6 2. Bf4 d5 3. Nf3 e6 4. h3 Nc6 5. e3 Be7 6. Be2 O-O 7. O-O Ne4 8. c4 b6 9. Nbd2 Nxd2 10. Qxd2 Ba6
11. cxd5 Bxe2 12. Qxe2 exd5 13. Rac1 Qd7 14. Qb5 Nb8 15. Qxd7 Nxd7 16. Rxc7 Rfd8 17. Ne5 Nxe5 18. Bxe5 Bd6 19. Bxd6 Rxd6 20. Rfc1 g6
21. Re7 a6 22. Rcc7 Rf8 23. f4 Re6 24. Rxe6 fxe6 25. Rc6 Kf7 26. Rxb6 Ra8 27. Rb7+ Kg8 28. Re7 Rb8 29. Rxe6 Rxb2 30. Rxa6 Re2
31. Ra3 h6 32. Kf1 Rd2 33. Ra8+ Kg7 34. a4 Rd3 35. Ke2
1-0

[Event "Hector Lavoe Tournament"]
[Site "SchemingMind.com"]
[Date "2009.02.03"]
[Round "-"]
[White "d2d41"]
[Black "Joe Daudish"]
[Result "1-0"]
[WhiteCountry "HUN"]
[BlackCountry "USA"]
[WhiteElo "1636"]
[WhiteRD "114"]
[BlackElo "1680"]
[BlackRD "52"]
[GameID "189750"]

1. d4 d5 2. Bf4 e6 3. Nf3 Nf6 4. h3 Be7 5. e3 c5 6. Bb5+ Nc6 7. O-O Bd7 8. Ne5 cxd4 9. exd4 O-O 10. Nc3 a6
11. Be2 Nxe5 12. Bxe5 Bc6 13. Rc1 Nd7 14. Bg3 Bf6 15. Nb1 Nb6 16. b3 a5 17. c4 dxc4 18. bxc4 Qxd4 19. Qxd4 Bxd4 20. Nd2 Na4
21. Nf3 Bf6 22. Ne5 Bxe5 23. Bxe5 Rfd8 24. Rfd1 Rxd1+ 25. Rxd1 Nc5 26. Bd6 Nd7 27. Bf1 Nf8 28. g3 g6 29. Bg2 Bxg2 30. Kxg2 Kg7
31. Rb1 Ra6 32. c5
1-0

[Event "Hector Lavoe Tournament"]
[Site "SchemingMind.com"]
[Date "2009.02.02"]
[Round "-"]
[White "d2d41"]
[Black "aadaam"]
[Result "1-0"]
[WhiteCountry "HUN"]
[BlackCountry "INT"]
[WhiteElo "1660"]
[WhiteRD "153"]
[BlackElo "1710"]
[BlackRD "50"]
[GameID "189751"]

1. d4 e6 2. Bf4 Nf6 3. Nf3 Be7 4. h3 b6 5. e3 Bb7 6. Be2 O-O 7. O-O d5 8. c4 Nbd7 9. Nc3 dxc4 10. Bxc4 c5
11. Rc1 a6 12. a4 Ne4 13. Nxe4 Bxe4 14. Nd2 Bg6 15. d5 e5 16. Bg3 Bd6 17. Qe2 f5 18. Bxa6 f4 19. exf4 exf4 20. Bh2 Ra7
21. Bb5
1-0

[Event "Hector Lavoe Tournament"]
[Site "SchemingMind.com"]
[Date "2009.02.02"]
[Round "-"]
[White "agarr"]
[Black "d2d41"]
[Result "1-0"]
[WhiteCountry "RUS"]
[BlackCountry "HUN"]
[WhiteElo "1725"]
[WhiteRD "76"]
[BlackElo "1636"]
[BlackRD "114"]
[GameID "189752"]

1. e4 d6 2. d4 Nf6 3. Nc3 g6 4. Bd3 Bg7 5. Be3 O-O 6. f3 e5 7. dxe5 dxe5 8. Qd2 c6 9. Nge2 Be6 10. g4 Nbd7
11. h4 h5 12. gxh5 Nxh5 13. O-O-O Nb6 14. b3 a5 15. Rdg1 a4 16. Bh6 axb3 17. cxb3 Kh7 18. Bxg7 Kxg7 19. Ng3 Nxg3 20. Rxg3 Qd7
21. f4 exf4 22. Qxf4 c5 23. h5 Rh8 24. e5 Nd5 25. Nxd5 Bxd5 26. Qf6+ Kg8 27. h6 Rh7 28. Bxg6
1-0

[Event "Hector Lavoe Tournament"]
[Site "SchemingMind.com"]
[Date "2009.02.02"]
[Round "-"]
[White "XTC"]
[Black "d2d41"]
[Result "0-1"]
[WhiteCountry "COL"]
[BlackCountry "HUN"]
[WhiteElo "1558"]
[WhiteRD "69"]
[BlackElo "1644"]
[BlackRD "101"]
[GameID "189753"]

1. e4 d6 2. d4 Nf6 3. Nc3 g6 4. Nf3 Bg7 5. Be2 O-O 6. O-O c6 7. h3 b5 8. b4 a5 9. bxa5 b4 10. Nb1 Nxe4
11. Bd3 Nf6 12. Bd2 c5 13. c3 Qxa5 14. cxb4 cxb4 15. Qb3 Qh5 16. Qxb4 Nc6 17. Qb5 Bd7 18. Qxh5 Nxh5 19. Bc4 Nxd4 20. Nxd4 Bxd4
21. Bc3 Bxc3 22. Nxc3 Rac8 23. Bb5 Bxh3 24. Nd5 Rc5 25. Nxe7+ Kg7 26. a4 Be6 27. Nc6 Bd7 28. Rfc1 Rc8 29. Rxc5 dxc5 30. Ne7 Rc7
31. Nd5 Ra7 32. f3 Bxb5
0-1

[Event "Hector Lavoe Tournament"]
[Site "SchemingMind.com"]
[Date "2009.02.02"]
[Round "-"]
[White "Joe Daudish"]
[Black "d2d41"]
[Result "1/2-1/2"]
[WhiteCountry "USA"]
[BlackCountry "HUN"]
[WhiteElo "1730"]
[WhiteRD "45"]
[BlackElo "1644"]
[BlackRD "137"]
[GameID "189754"]

1. d4 Nf6 2. Nf3 c5 3. Bf4 cxd4 4. Qxd4 Nc6 5. Qd1 g6 6. h3 Bg7 7. c3 O-O 8. e3 d6 9. Be2 Qb6 10. Qc2 Bf5
11. Qc1 Nd5 12. Bg3 Rac8 13. O-O Na5 14. Nbd2 Nf6 15. Nd4 Bd7 16. N2b3 Nxb3 17. Nxb3 Ne4 18. Bh2 Nc5 19. Qd1 Na4 20. Rb1 Nc5
21. Nxc5 Qxc5 22. Bf3 Bc6 23. Bxc6 Rxc6 24. Qf3 Qa5 25. a3 Rfc8 26. Rfd1 Be5 27. Bxe5 Qxe5 28. Rd4 e6=
1/2-1/2

[Event "Hector Lavoe Tournament"]
[Site "SchemingMind.com"]
[Date "2009.02.02"]
[Round "-"]
[White "aadaam"]
[Black "d2d41"]
[Result "1-0"]
[WhiteCountry "INT"]
[BlackCountry "HUN"]
[WhiteElo "1751"]
[WhiteRD "63"]
[BlackElo "1599"]
[BlackRD "112"]
[GameID "189755"]

1. d4 Nf6 2. c4 c5 3. d5 e6 4. Nc3 exd5 5. cxd5 d6 6. e4 g6 7. f4 Bg7 8. Bb5+ Nfd7 9. a4 a6 10. Be2 O-O
11. Nf3 Qc7 12. O-O Re8 13. Ng5 h6 14. Nf3 b6 15. Qc2 Bb7 16. Bd2 Nf8 17. g4 Nbd7 18. Rae1 Nh7 19. Nh4 Bd4+ 20. Kh1 Kg7
21. Bf3 Re7 22. Ne2 Bf6 23. Ng2 Rae8 24. h4 Kg8 25. g5 Bg7 26. b4 Rc8 27. Rc1 Qb8 28. Qb3 Nhf8 29. b5 Qa7 30. Ng3 Nb8
31. h5 Nfd7 32. hxg6 fxg6 33. e5 dxe5 34. d6+ Rf7 35. Bxb7 Qxb7 36. gxh6 Bxh6 37. fxe5 Nxe5 38. Bxh6 c4 39. Qc3 Nbd7 40. Rxf7 Re8
41. bxa6 Qc6 42. Rg7+ Kh8 43. Re1
1-0

[Event "Hector Lavoe Tournament"]
[Site "SchemingMind.com"]
[Date "2009.02.03"]
[Round "-"]
[White "klagefall"]
[Black "agarr"]
[Result "1-0"]
[WhiteCountry "GER"]
[BlackCountry "RUS"]
[WhiteElo "1953"]
[WhiteRD "73"]
[BlackElo "1650"]
[BlackRD "80"]
[GameID "190471"]

1. d4 d5 2. c4 dxc4 3. Nf3 Nf6 4. e3 Bg4 5. Bxc4 e6 6. Nc3 c5 7. O-O cxd4 8. exd4 Bd6 9. h3 Bh5 10. Be3 O-O
11. g4 Bg6 12. Ne5 Ne4 13. Nxg6 Nxc3 14. bxc3 hxg6 15. Bd3 Qh4 16. Qf3 Nd7 17. c4 b6 18. a4 f5 19. a5 e5 20. Qd5+ Kh8
21. Qxd6 Qxh3 22. Qxg6 fxg4 23. axb6 Rf3 24. Be4 g3 25. Qh7+ Qxh7 26. Bxh7 Kxh7 27. Kg2 e4 28. bxa7 gxf2 29. Bxf2 Rf7 30. Rfb1
1-0

[Event "Hector Lavoe Tournament"]
[Site "SchemingMind.com"]
[Date "2009.02.04"]
[Round "-"]
[White "klagefall"]
[Black "XTC"]
[Result "1-0"]
[WhiteCountry "GER"]
[BlackCountry "COL"]
[WhiteElo "1987"]
[WhiteRD "67"]
[BlackElo "1601"]
[BlackRD "68"]
[GameID "190472"]

1. d4 Nf6 2. c4 e6 3. Nf3 c5 4. d5 d6 5. Nc3 Be7 6. e4 O-O 7. Be2 Nbd7 8. O-O Ng4 9. Bf4 e5 10. Bd2 Bf6
11. h3 Nh6 12. g4 Nxg4 13. hxg4 Nb6 14. Nh2 Bg5 15. Bxg5 Qxg5 16. Qc1 Qg6 17. f3 h5 18. b3 a6 19. Qe1 Nd7 20. Kh1 hxg4
21. fxg4 Nf6 22. Rf5 Bxf5 23. gxf5 Qg5 24. Nf3 Qe3 25. Qd2 Qxd2 26. Nxd2 g6 27. Rf1 Kg7 28. Kg2 Rh8 29. fxg6 fxg6 30. Rh1 Rxh1
31. Kxh1 Rh8+ 32. Kg2 Nh5 33. Bxh5 gxh5 34. Nd1 h4 35. Ne3 h3+ 36. Kh2 Kg6 37. Nf3 b6 38. Nf5 Kf6 39. Nxd6 Kg6 40. Nxe5+ Kf6
41. Nf3 Rh6 42. e5+ Ke7 43. Nf5+
1-0

[Event "Hector Lavoe Tournament"]
[Site "SchemingMind.com"]
[Date "2009.02.03"]
[Round "-"]
[White "klagefall"]
[Black "Joe Daudish"]
[Result "1-0"]
[WhiteCountry "GER"]
[BlackCountry "USA"]
[WhiteElo "1976"]
[WhiteRD "87"]
[BlackElo "1720"]
[BlackRD "45"]
[GameID "190473"]

1. e4 e6 2. d4 d5 3. Nc3 dxe4 4. Nxe4 Be7 5. Nf3 Nd7 6. Bd3 Ngf6 7. Ng3 Nf8 8. h4 b6 9. Bd2 Bb7 10. Qe2 N8d7
11. h5 h6 12. O-O-O
1-0

[Event "Hector Lavoe Tournament"]
[Site "SchemingMind.com"]
[Date "2009.02.05"]
[Round "-"]
[White "klagefall"]
[Black "d2d41"]
[Result "1-0"]
[WhiteCountry "GER"]
[BlackCountry "HUN"]
[WhiteElo "2029"]
[WhiteRD "59"]
[BlackElo "1644"]
[BlackRD "101"]
[GameID "190474"]

1. d4 Nf6 2. c4 c5 3. d5 e6 4. Nc3 exd5 5. cxd5 d6 6. Nf3 g6 7. Bf4 Bg7 8. Qa4+ Bd7 9. Qb3 Qc7 10. e4 Nh5
11. Be3 O-O 12. Be2 a6 13. a4 Nf6 14. Nd2 Re8 15. O-O Re7 16. f3 Be8 17. Nc4 Nbd7 18. Bf4 Ne5 19. Bxe5 Rxe5 20. Nxe5 dxe5
21. a5 Rc8 22. Na4 c4 23. Qb6 Bb5 24. Qxc7 Rxc7 25. Rfc1 Bf8 26. Kf1 Bb4 27. Nb6 Ne8 28. Bxc4 Nd6 29. Bxb5 Rxc1+ 30. Rxc1 Nxb5
31. Nd7 Bxa5 32. Nxe5 Bc7 33. f4 f6 34. Nd3
1-0

[Event "Hector Lavoe Tournament"]
[Site "SchemingMind.com"]
[Date "2009.02.03"]
[Round "-"]
[White "klagefall"]
[Black "aadaam"]
[Result "1-0"]
[WhiteCountry "GER"]
[BlackCountry "INT"]
[WhiteElo "1953"]
[WhiteRD "73"]
[BlackElo "1739"]
[BlackRD "49"]
[GameID "190475"]

1. d4 e6 2. c4 Nf6 3. Nf3 d5 4. Bg5 Be7 5. Nc3 O-O 6. e3 b6 7. cxd5 Nxd5 8. Bxe7 Qxe7 9. Nxd5 exd5 10. Rc1 Bb7
11. Bd3 c6 12. Ne5 f6 13. Qh5 g6 14. Nxg6 hxg6 15. Bxg6 Nd7 16. e4 dxe4 17. Rc3 f5 18. Rg3 Qb4+ 19. Kd1 Qxd4+ 20. Kc1 Rf6
21. Be8+ Kf8 22. Qh8+ Ke7 23. Rg7+ Ke6 24. Qg8+
1-0

[Event "Hector Lavoe Tournament"]
[Site "SchemingMind.com"]
[Date "2009.02.03"]
[Round "-"]
[White "agarr"]
[Black "klagefall"]
[Result "0-1"]
[WhiteCountry "RUS"]
[BlackCountry "GER"]
[WhiteElo "1650"]
[WhiteRD "80"]
[BlackElo "1953"]
[BlackRD "73"]
[GameID "190476"]

1. e4 e5 2. Nf3 Nc6 3. Bc4 Bc5 4. c3 Nf6 5. d4 exd4 6. cxd4 Bb4+ 7. Nc3 Nxe4 8. O-O Bxc3 9. d5 Bf6 10. Re1 Ne7
11. Rxe4 d6 12. Bg5 Bxg5 13. Nxg5 h6 14. Qh5 O-O 15. Rae1 Nf5 16. Nxf7 Qf6 17. Rf4 Qxf7 18. Qxf7+ Rxf7 19. Re8+ Kh7 20. g4 Re7
21. Rf8 Nh4
0-1

[Event "Hector Lavoe Tournament"]
[Site "SchemingMind.com"]
[Date "2009.02.04"]
[Round "-"]
[White "XTC"]
[Black "klagefall"]
[Result "0-1"]
[WhiteCountry "COL"]
[BlackCountry "GER"]
[WhiteElo "1632"]
[WhiteRD "69"]
[BlackElo "1981"]
[BlackRD "68"]
[GameID "190477"]

1. e4 e5 2. Nf3 Nc6 3. Bb5 a6 4. Ba4 Nf6 5. O-O Be7 6. Re1 b5 7. Bb3 d6 8. c3 O-O 9. h3 Na5 10. Bc2 c5
11. d4 Qc7 12. Nbd2 Nc6 13. dxc5 dxc5 14. Nf1 Be6 15. Ne3 Rad8 16. Qe2 c4 17. Ng5 h6 18. Nxe6 fxe6 19. b3 Bc5 20. b4 Bb6
21. a4 Nd4 22. cxd4 exd4 23. Nxc4 bxc4 24. Bb1 d3 25. Qb2 Bd4 26. Qd2 Bxa1
0-1

[Event "Hector Lavoe Tournament"]
[Site "SchemingMind.com"]
[Date "2009.02.03"]
[Round "-"]
[White "Joe Daudish"]
[Black "klagefall"]
[Result "0-1"]
[WhiteCountry "USA"]
[BlackCountry "GER"]
[WhiteElo "1720"]
[WhiteRD "45"]
[BlackElo "1976"]
[BlackRD "87"]
[GameID "190478"]

1. d4 Nf6 2. Nf3 d5 3. Bf4 c5 4. e3 Nc6 5. c3 Qb6 6. Qc2 Bg4 7. Be2 e6 8. O-O Rc8 9. h3 Bf5 10. Qc1 Be7
0-1

[Event "Hector Lavoe Tournament"]
[Site "SchemingMind.com"]
[Date "2009.02.06"]
[Round "-"]
[White "d2d41"]
[Black "klagefall"]
[Result "0-1"]
[WhiteCountry "HUN"]
[BlackCountry "GER"]
[WhiteElo "1644"]
[WhiteRD "101"]
[BlackElo "2029"]
[BlackRD "59"]
[GameID "190479"]

1. d4 d5 2. Bf4 Nf6 3. Nf3 c5 4. dxc5 Qa5+ 5. c3 Qxc5 6. h3 Nc6 7. Nbd2 Bf5 8. Nb3 Qb6 9. e3 e6 10. Bd3 Bxd3
11. Qxd3 Be7 12. O-O O-O 13. Rab1 h6 14. Nbd4 Rac8 15. Ne5 Rfd8 16. Rfd1 Na5 17. Bg3 Nc4 18. Nxc4 Rxc4 19. b3 Rcc8 20. Rbc1 Qa5
21. Rc2 Ne4 22. Rdc1 Nxg3 23. fxg3 Bf6 24. Qe2 a6 25. g4 Qc7 26. e4 Qb6 27. exd5 Bxd4+ 28. cxd4 Qxd4+ 29. Kh1 Rxc2 30. Rxc2 Qxd5
31. Rc7 Qd1+ 32. Qxd1 Rxd1+ 33. Kh2 Rd2 34. Rxb7 Rxa2 35. Kg3 g6 36. Kf3 Kg7 37. g3 a5
0-1

[Event "Hector Lavoe Tournament"]
[Site "SchemingMind.com"]
[Date "2009.02.03"]
[Round "-"]
[White "aadaam"]
[Black "klagefall"]
[Result "0-1"]
[WhiteCountry "INT"]
[BlackCountry "GER"]
[WhiteElo "1739"]
[WhiteRD "49"]
[BlackElo "1953"]
[BlackRD "73"]
[GameID "190480"]

1. e4 e5 2. Nf3 Nc6 3. Bb5 a6 4. Ba4 Nf6 5. O-O Be7 6. c3 Nxe4 7. Re1 Nc5 8. Nxe5 Nxa4 9. Qxa4 Nxe5 10. Rxe5 O-O
11. d3 Bd6 12. Rh5 g6 13. Rh3 b5 14. Qg4 f5 15. Qf3 Rb8 16. Bh6 Re8 17. Nd2 Bb7 18. Qd1 Qf6 19. Nf3 Bxf3= 20. Qxf3 Qe5
21. Be3 f4 22. Bd2 c6 23. Rh4 Qe2 24. Qxe2 Rxe2 25. Bxf4 Bxf4 26. Rxf4 Rbe8 27. Re4 R8xe4 28. dxe4 Rxb2 29. f3 Kf7 30. a4 Rc2
31. axb5 axb5 32. Ra3 Ke6 33. g3 Kd6 34. h4 Kc5
0-1